000 00474nam a2200181Ia 4500
005 20260429112056.0
008 260429s9999||||xx |||||||||||||| ||und||
020 _a9789363868090
041 _aEnglish
082 _a006.312
_bPIE
100 _aPierson, Lillian
245 0 _aData science essentials for dummies /
_cLillian Pierson
250 _a1st ed.
260 _aNew Delhi :
_bWiley,
_c2025.
300 _avii, 182 p.; pbk
650 _aData science
942 _cTB
999 _c52219
_d52219